Activity Based Costing
Kalkulácia nákladov ako podklad pre efektívne riadenie trhovo orientovanej firmy. Tradičná kalkulácia nákladov. Klakulácia nákladov metódou Activity based costing (ABC). V čom spočíva metóda ABC. Prínos metódy Activity based costing.
Uložené v:
| Hlavný autor: | |
|---|---|
| Médium: | Kapitola |
| Jazyk: | Czech |
| Predmet: | |
| Tagy: |
Žiadne tagy, Buďte prvý, kto otaguje tento záznam!
|
MARC
| LEADER | 00000naa$a2200000$$$4500 | ||
|---|---|---|---|
| 001 | 0029165 | ||
| 005 | 20231106122021.2 | ||
| 041 | 0 | |a cze | |
| 044 | |a CZ | ||
| 245 | 1 | 0 | |a Activity Based Costing |c Zuzana Maňasová |
| 520 | |a Kalkulácia nákladov ako podklad pre efektívne riadenie trhovo orientovanej firmy. Tradičná kalkulácia nákladov. Klakulácia nákladov metódou Activity based costing (ABC). V čom spočíva metóda ABC. Prínos metódy Activity based costing. | ||
| 610 | 2 | 0 | |a kalkulácia nákladov |
| 610 | 2 | 0 | |a náklady režijné |
| 610 | 2 | 0 | |a náklady nepriame |
| 610 | 2 | 0 | |a metódy kalkulačné |
| 610 | 2 | 0 | |a metóda ABC |
| 610 | 2 | 0 | |a proces výrobný |
| 610 | 2 | 0 | |a produkty |
| 100 | 1 | |a Maňasová, Zuzana | |